000 00702nam a2200289Ia 4500
005 20260324124841.0
008 008 260324s9999 xx 000 0 eng d
020 _a9781315426778
037 _aEBOOK
040 _aCRL
040 _beng
040 _cCRL
041 _2eng
041 _aeng
084 _qCRL
100 _aH Martin Wobst; Margaret Bruchac; Siobhan Hart
_91175735
245 0 _aIndigenous Archaeologies
245 2 _bA Reader on Decolonization
260 _bTaylor and Francis
260 _c2010
365 _a
365 _b265
856 _uhttp://www.taylorfrancis.com/books/9781315426778
942 _cEBOOK
999 _c1770494
_d1770494